<?xml version="1.0" encoding="UTF-8"?>
<record
    xmlns:xsi="http://www.w3.org/2001/XMLSchema-instance"
    xsi:schemaLocation="http://www.loc.gov/MARC21/slim http://www.loc.gov/standards/marcxml/schema/MARC21slim.xsd"
    xmlns="http://www.loc.gov/MARC21/slim">

  <leader>00885nam a22002657a 4500</leader>
  <controlfield tag="003">AR-MpBUF</controlfield>
  <controlfield tag="005">20260318063837.0</controlfield>
  <controlfield tag="008">180531b2008    ag ||||| |||| 00| 0 spa d</controlfield>
  <datafield tag="020" ind1=" " ind2=" ">
    <subfield code="a">9789501303353</subfield>
  </datafield>
  <datafield tag="040" ind1=" " ind2=" ">
    <subfield code="c">BUF</subfield>
    <subfield code="a">AR-MoUNM</subfield>
  </datafield>
  <datafield tag="082" ind1="0" ind2=" ">
    <subfield code="2">20</subfield>
    <subfield code="a">907.12</subfield>
    <subfield code="b">RAIT 161</subfield>
  </datafield>
  <datafield tag="100" ind1="1" ind2=" ">
    <subfield code="a">Raiter, B&#xE1;rbara.</subfield>
    <subfield code="9">23466</subfield>
  </datafield>
  <datafield tag="245" ind1="1" ind2="4">
    <subfield code="a">Una historia para pensar : moderna y contempor&#xE1;nea</subfield>
    <subfield code="c">B&#xE1;rbara Raiter ; Anal&#xED;a Rizzi ; correcci&#xF3;n, Fernando Planas.</subfield>
  </datafield>
  <datafield tag="260" ind1=" " ind2=" ">
    <subfield code="a">Buenos Aires :</subfield>
    <subfield code="b">Kapelusz,</subfield>
    <subfield code="c">2008.</subfield>
  </datafield>
  <datafield tag="300" ind1=" " ind2=" ">
    <subfield code="a">319 p. :</subfield>
    <subfield code="b">il. ; tablas ;</subfield>
    <subfield code="c">29 cm.</subfield>
  </datafield>
  <datafield tag="490" ind1="0" ind2=" ">
    <subfield code="a">(Europa y Am&#xE9;rica)</subfield>
  </datafield>
  <datafield tag="500" ind1=" " ind2=" ">
    <subfield code="a">Libro para el docente.</subfield>
  </datafield>
  <datafield tag="650" ind1=" " ind2="7">
    <subfield code="a">HISTORIA</subfield>
    <subfield code="2">unescot</subfield>
    <subfield code="9">478</subfield>
  </datafield>
  <datafield tag="650" ind1=" " ind2="7">
    <subfield code="a">ENSE&#xD1;ANZA SECUNDARIA</subfield>
    <subfield code="2">unescot</subfield>
    <subfield code="9">642</subfield>
  </datafield>
  <datafield tag="651" ind1=" " ind2="7">
    <subfield code="a">EUROPA</subfield>
    <subfield code="2">unescot</subfield>
    <subfield code="9">3349</subfield>
  </datafield>
  <datafield tag="651" ind1=" " ind2="7">
    <subfield code="a">AMERICAS</subfield>
    <subfield code="2">unescot</subfield>
    <subfield code="9">4224</subfield>
  </datafield>
  <datafield tag="700" ind1="1" ind2=" ">
    <subfield code="9">9786</subfield>
    <subfield code="a">Rizzi, Anal&#xED;a.</subfield>
  </datafield>
  <datafield tag="700" ind1="1" ind2=" ">
    <subfield code="9">23467</subfield>
    <subfield code="a">Planas, Fernando.</subfield>
    <subfield code="e">correcci&#xF3;n</subfield>
  </datafield>
  <datafield tag="942" ind1=" " ind2=" ">
    <subfield code="c">LIBRO</subfield>
  </datafield>
  <datafield tag="999" ind1=" " ind2=" ">
    <subfield code="c">18204</subfield>
    <subfield code="d">18205</subfield>
  </datafield>
  <datafield tag="952" ind1=" " ind2=" ">
    <subfield code="0">0</subfield>
    <subfield code="1">0</subfield>
    <subfield code="4">0</subfield>
    <subfield code="7">0</subfield>
    <subfield code="a">UNM</subfield>
    <subfield code="b">UNM</subfield>
    <subfield code="d">2023-02-08</subfield>
    <subfield code="e">Donaci&#xF3;n Guadalupe Bravo</subfield>
    <subfield code="i">23339</subfield>
    <subfield code="l">0</subfield>
    <subfield code="o">907.12 RAIT 161</subfield>
    <subfield code="p">23339</subfield>
    <subfield code="r">2023-02-08 00:00:00</subfield>
    <subfield code="t">Ej. C</subfield>
    <subfield code="w">2023-02-08</subfield>
    <subfield code="y">TR&#xC1;NSITO</subfield>
  </datafield>
</record>
